MARC

LEADER 00000nam0a2200000 4500
001 371863
005 20251215135236.0
035 |a (RuTPU)RU\TPU\retro\29277 
090 |a 371863 
100 |a 20221122d1977 m y0rusy50 ca 
101 0 |a rus 
102 |a RU 
105 |a a j 001zy 
200 1 |a Повышение надежности стальных конструкций при низких температурах  |e учебное пособие  |f А. В. Сильвестров  |g Новосибирский инженерно-строительный институт им. В. В. Куйбышева 
210 |a Новосибирск  |c [Б. и.]  |d 1977 
215 |a 72 с.  |c ил. 
320 |a Библиогр.: с. 70-71 
606 1 |a Стальные конструкции  |x Строительная механика  |2 stltpush  |3 (RuTPU)RU\TPU\subj\56681  |9 74572 
610 1 |a хладноломкость 
610 1 |a низкие температуры 
610 1 |a хрупкое разрушение 
610 1 |a хладостойкость 
610 1 |a повышение 
610 1 |a конструктивно-технологические методы 
610 1 |a малоуглеродистые стали 
610 1 |a расчетная оценка 
610 1 |a учебные пособия 
675 |a 624.014.2(075.8)  |v 4 
700 1 |a Сильвестров  |b А. В.  |g Анатолий Васильевич 
712 0 2 |a Новосибирский инженерно-строительный институт им. В. В. Куйбышева  |c 1935-1993  |7 ca  |8 rus  |2 stltpush  |3 (RuTPU)RU\TPU\col\11898  |9 25287 
801 1 |a RU  |b 63413507  |c 20221122 
942 |c BK